00975nam a22001815i 4500001000700000003000900007005001700016008004100033040002000074100005300094245014300147260010500290300002100395500010300416500001900519700002500538852023000563154992ES-MaACL20251115063310.0020322s1856 sp |||| | spa d aCAM bspa cCAM1 aGutiérrez de Alba, José María, d1822-189713aLa flor de la serranía b: zarzuela en un acto y en verso / coriginal de Jose María Gutierrez de Alba ; música de Cristobal Oudrid. aMadrid : b[s.n.], c1856 (fImprenta de la Compañía general de Impresores y Libreros del Reino) a24 p. ; c20 cm. 1aRepresentada por primera vez en Madrid en el teatro de verano en la noche del 2 de agosto de 1856. aSolo el texto.0 aOudrid, Cristóbal. aES-MaACLjF-8550(11) z-- Enc. pasta española z-- Firma ms de Gustavo Sáenz Díez, 1877 q-- Falto de la cub. original z-- Enc. en un vol. facticio, formando parte de la col. facticia "Teatro español moderno", vol. 2